METHODS FOR TRANSVERSE TESTING OF HARD METALS (Record no. 652126)

MARC details
000 -LEADER
fixed length control field 00354pam a2200157a 44500
008 - FIXED-LENGTH DATA ELEMENTS--GENERAL INFORMATION
fixed length control field 230515b1983 xxu||||| |||| 00| 0 eng d
020 ## - INTERNATIONAL STANDARD BOOK NUMBER
International Standard Book Number NULL
041 ## - LANGUAGE CODE
Language code of text/sound track or separate title ENGLISH
082 ## - DEWEY DECIMAL CLASSIFICATION NUMBER
Classification number 630
100 ## - MAIN ENTRY--PERSONAL NAME
Personal name 4842-1982
245 ## - TITLE STATEMENT
Title METHODS FOR TRANSVERSE TESTING OF HARD METALS
250 ## - EDITION STATEMENT
Edition statement 0
260 ## - PUBLICATION, DISTRIBUTION, ETC.
Place of publication, distribution, etc. DELHI
Name of publisher, distributor, etc. ISI
Date of publication, distribution, etc. 1983
300 ## - PHYSICAL DESCRIPTION
Extent 12
650 ## - SUBJECT ADDED ENTRY--TOPICAL TERM
Topical term or geographic name entry element NULL
Holdings
Withdrawn status Lost status Damaged status Not for loan Home library Current library Shelving location Date acquired Source of acquisition Cost, normal purchase price Total Checkouts Full call number Barcode Date last seen Price effective from Koha item type
        College of Engineering, Pune College of Engineering, Pune   01/03/2008 INDIAN INSTITUTE OF ENGINEERS 15.00   630 ECP-ISI-594 28/06/2023 28/06/2023 Book